000 01011naa a22003017a 4500
001 BR6800249
003 BR-BrBNA
005 20240918173322.0
007 ta
008 230509b bl.||||| |||| 00| 0 por d
040 _aBR-BrBNA
_bpor
_cBiblioteca Nacional de Agricultura
041 _a(Pt)
072 _aF30; F00
_b0312
_b3575
_bG514
090 _aF30 BR6800249
100 1 _aConduru, J.M.
245 1 _aCampo genealogico de dende [Elaeis guineensis; Brasil]
260 3 _aBrasilia, DF (Brasil):
_c1968.
500 _aLivro anual da agricultura - 1968. Revolucao tecnologica Brasilia, DF (Brasil): 1968. p. 205-213 (BR6800249-AM)F30
650 _aMelhoramento genetico vegetal
650 _aProducao vegetal
650 _aDende
650 _aSemente
650 _aLinhagem
650 _aGerminacao
773 0 _tLivro anual da agricultura - 1968. Revolucao tecnologica
_wF30 BR6800249
_gBrasilia, DF (Brasil), 1968. p. 205-213
909 _a202404
_bLucia
_c55
_dLucia Elande
942 _cAM
_2AGRIS
999 _c303954
_d303954